000 00704nam a2200241Ia 4500
003 OSt
005 20221005090431.0
006 a|||||r|||| 00| 0
007 ta
008 221004b |||||||| |||| 00| 0 eng d
024 _a121831
037 _bGift, 06/10/2012,
_cTextual
040 _aCRL
_cCRL
_beng
041 _2eng
_aeng
082 _aO111,4N12x, L3
100 _aSuizberger C L
_9615284
245 0 _aAn age of mediocrity
_b Memoirs and diaries 1963-1972
260 _aNew York
_bMacmillan Pub USA
_c1973
300 _a828p.
_ccm.
650 _aENGLISH LITERATURE
942 _hO111,4N12x, L3
_cTEXL
_2cc
999 _c995776
_d995776